Understanding housing defects (Record no. 115116)
[ view plain ]
| 000 -LEADER | |
|---|---|
| fixed length control field | 01414cam a2200289 4500 |
| 001 - CONTROL NUMBER | |
| control field | a158065 |
| 008 - FIXED-LENGTH DATA ELEMENTS--GENERAL INFORMATION | |
| fixed length control field | #DATE s2013 000 0 eng u |
| 020 ## - INTERNATIONAL STANDARD BOOK NUMBER | |
| International Standard Book Number | 9780080971124 |
| 035 ## - SYSTEM CONTROL NUMBER | |
| System control number | (Sirsi) u158065 |
| 041 ## - LANGUAGE CODE | |
| Language code of text/sound track or separate title | eng |
| 050 ## - LIBRARY OF CONGRESS CALL NUMBER | |
| Classification number | 690.25 |
| 100 ## - MAIN ENTRY--PERSONAL NAME | |
| Personal name | Marshall, Duncan |
| 245 ## - TITLE STATEMENT | |
| Title | Understanding housing defects |
| 250 ## - EDITION STATEMENT | |
| Edition statement | 4th ed. |
| 260 ## - PUBLICATION, DISTRIBUTION, ETC. | |
| Place of publication, distribution, etc. | London |
| Name of publisher, distributor, etc. | Estates Gazette |
| Date of publication, distribution, etc. | 2013 |
| 300 ## - PHYSICAL DESCRIPTION | |
| Extent | vi, 550p. |
| Dimensions | 25cm. |
| 520 ## - SUMMARY, ETC. | |
| Summary, etc. | Provides a concise, coherent and comprehensive introduction to the causes, investigation and diagnosis of defects in domestic buildings. Explains why and how defects occur and how defects can be recognised and identified. Includes chapters on legal definitions and implications, foundations, walls, brickwork, floors, roofs, external rendering, plastering, timber pests, condensation, damp, system building and services. Appendix summarises five distinct periods of housing construction. There are four new chapters covering: How defects are defined, An overview of building and architectural history, External joinery and painted finishes, and Environmental and health-related building problems. |
| 590 ## - LOCAL NOTE (RLIN) | |
| Local note | KA |
| 650 ## - SUBJECT ADDED ENTRY--TOPICAL TERM | |
| Topical term or geographic name entry element | HOUSING DEFECTS |
| 650 ## - SUBJECT ADDED ENTRY--TOPICAL TERM | |
| Topical term or geographic name entry element | BUILDING MOVEMENT |
| 651 #4 - SUBJECT ADDED ENTRY--GEOGRAPHIC NAME | |
| Geographic name | ENGLAND AND WALES |
| 690 ## - LOCAL SUBJECT ADDED ENTRY--TOPICAL TERM (OCLC, RLIN) | |
| Topical term or geographic name as entry element | BUILT ENVIRONMENT-BUILDING PATHOLOGY |
| 700 ## - ADDED ENTRY--PERSONAL NAME | |
| Personal name | Worthing, Derek |
| 700 ## - ADDED ENTRY--PERSONAL NAME | |
| Personal name | Heath, Roger |
| 700 1# - ADDED ENTRY--PERSONAL NAME | |
| Personal name | Dann, Nigel |
| 942 ## - ADDED ENTRY ELEMENTS (KOHA) | |
| Suppress in OPAC | 0 |
| Source of classification or shelving scheme | Dewey Decimal Classification |
| Withdrawn status | Lost status | Source of classification or shelving scheme | Damaged status | Not for loan | Home library | Current library | Shelving location | Date acquired | Total Checkouts | Full call number | Barcode | Date last seen | Copy number | Price effective from | Koha item type |
|---|---|---|---|---|---|---|---|---|---|---|---|---|---|---|---|
| Dewey Decimal Classification | London | London | Books | 05/03/2014 | 690.25 MAR | 30075232 | 06/08/2019 | 1 | 06/08/2019 | Book |